La música y la poesía en cancioneros polifónicos del siglo XVII

-д хадгалсан:
Номзүйн дэлгэрэнгүй
Үндсэн зохиолч: Lambea, Mariano (Зохиогч)
Формат: Ном
Хэл сонгох:испани
Хэвлэсэн: Barcelona CSIC 2000
Цуврал:Monumentos de la Música Española, 60
Нөхцлүүд:
Шошгууд: Шошго нэмэх
Шошго байхгүй, Энэхүү баримтыг шошголох эхний хүн болох!

MARC

LEADER 00000cam a2200000 a 4500
001 UCF0609
003 CL-VaPUC
008 120531e20000000SP |||||||||||||||||spa|d
020 |a 8400078853o.c 
020 |a 8400078810v.1 
082 0 4 |a 781.286  |b LAM  |2 21 
100 0 |a Lambea, Mariano  |e author  |9 562348 
245 1 3 |a La música y la poesía en cancioneros polifónicos del siglo XVII 
300 |a v 
942 |c BK 
945 |d 20120531 00:00:00  |a dcastane 
260 |a Barcelona  |b CSIC  |c 2000 
500 |a v.1: libro de tonos humanos. 1655-1656 
650 0 |a Contrapunto  |9 306432 
650 0 |a Música, siglo 17  |9 562349 
650 0 |a Elementos musicales  |9 306544 
650 0 |a Teoría musical  |9 265760 
583 |a last modification  |c 20130319 05:31:04  |k Rodrigo Vera 
490 0 |a Monumentos de la Música Española, 60 
999 |c 347828  |d 347826 
952 |0 0  |1 0  |4 0  |6 781_286000000000000_LAM_2000  |7 0  |8 X  |9 449508  |a BIBEDU  |b BIBEDU  |d 2019-11-22  |h v.1  |i 485909K  |o 781.286 LAM 2000  |p 485909K  |r 2023-01-12  |w 2019-11-22  |y BK_X  |k MUS